[Event "Koltsovo op"]
[Site "Koltsovo"]
[Date "2010.07.03"]
[Round "6"]
[White "Shakirov, Alexander"]
[Black "Mikhalev, Vladimir"]
[Result "0-1"]
[WhiteElo "2024"]
[BlackElo "2114"]
[PlyCount "126"]
[EventDate "2010.06.28"]
[EventType "swiss"]
[EventRounds "9"]
[EventCountry "RUS"]
[SourceTitle "CBM 137 Extra"]
[Source "ChessBase"]
[SourceDate "2010.09.01"]
[SourceVersion "1"]
[SourceVersionDate "2010.09.01"]
[SourceQuality "1"]

1. Nf3 c5 2. c4 Nf6 3. g3 d5 4. cxd5 Nxd5 5. Nc3 Nc7 6. Bg2 Nc6 7. Qa4 Bd7 8. Qe4 g6 9. Ne5 Bg7 10. Nxd7 Qxd7 11. 0-0 Rc8 12. Qa4 h5 13. h3 Ne6 14. d3 Ned4 15. e3 Ne6 16. Rd1 0-0 17. h4 a6 18. Nd5 Rcd8 19. Rb1 Nc7 20. Nb6 Qe6 21. Bxc6 bxc6 22. Qc4 Qxc4 23. Nxc4 Nd5 24. Bd2 Rd7 25. Kf1 Rb8 26. Ke2 Rb5 27. Rdc1 Nb4 28. Bxb4 cxb4 29. b3 Bc3 30. Nb2 Rbd5 31. Rd1 Bxb2 32. Rxb2 Rc5 33. Rdd2 Kf8 34. Rbc2 Rdd5 35. d4 Rxc2 36. Rxc2 Ra5 37. Kd3 Ke8 38. Kc4 Rb5 39. Rd2 e6 40. e4 Kd7 41. d5 cxd5+ 42. exd5 e5 43. d6 f6 44. f3 Rb6 45. Rd5 Rb8 46. Kc5 Rb5+ 47. Kc4 Rb8 48. g4 hxg4 49. fxg4 Rh8 50. h5 gxh5 51. gxh5 Rxh5 52. Kxb4 Rh2 53. a4 e4 54. Kc3 e3 55. Rd1 f5 56. Kd3 f4 57. Re1 Kxd6 58. b4 Ke5 59. b5 axb5 60. axb5 Rb2 61. Rh1 Rd2+ 62. Kc3 Rd8 63. b6 Ke4 0-1

[Event "Koltsovo op"]
[Site "Koltsovo"]
[Date "2010.07.01"]
[Round "4"]
[White "Efanov, Mikhail"]
[Black "Shakirov, Alexander"]
[Result "0-1"]
[WhiteElo "1887"]
[BlackElo "2024"]
[PlyCount "90"]
[EventDate "2010.06.28"]
[EventType "swiss"]
[EventRounds "9"]
[EventCountry "RUS"]
[SourceTitle "CBM 137 Extra"]
[Source "ChessBase"]
[SourceDate "2010.09.01"]
[SourceVersion "1"]
[SourceVersionDate "2010.09.01"]
[SourceQuality "1"]

1. Nf3 c5 2. b3 d6 3. e3 Nf6 4. Bb2 Nbd7 5. Be2 g6 6. 0-0 Bg7 7. c4 0-0 8. Nc3 b6 9. d4 Bb7 10. d5 a6 11. Qd2 Ne5 12. Nxe5 dxe5 13. Bf3 Ne8 14. e4 Nd6 15. a4 Bc8 16. Bd1 Bd7 17. Be2 Rb8 18. Rac1 f6 19. Bd3 Nf7 20. Qd1 Bh6 21. Rb1 Nd6 22. Bc1 Bxc1 23. Rxc1 Qc7 24. Qe2 Rb7 25. Rc2 Kg7 26. h3 Qb8 27. Re1 g5 28. Qe3 Rc7 29. Rec1 Kh8 30. Ne2 Rg8 31. Kh2 Rcc8 32. Ng3 Rg6 33. Be2 Rh6 34. Kg1 Rh4 35. Rc3 a5 36. Re1 Rg8 37. Bd1 Qc8 38. Kf1 g4 39. Bxg4 Bxg4 40. hxg4 Qxg4 41. Qf3 Qg5 42. Re2 Rg6 43. Ke1 Rgh6 44. Nf1 Rh1 45. Qg3 Rxf1+ 0-1

[Event "Novosibirsk November op"]
[Site "Novosibirsk"]
[Date "2009.11.26"]
[Round "7"]
[White "Shakirov, Alexander"]
[Black "Volkov, Petr"]
[Result "1/2-1/2"]
[WhiteElo "2046"]
[BlackElo "2049"]
[PlyCount "138"]
[EventDate "2009.11.16"]
[EventType "swiss"]
[EventRounds "9"]
[EventCountry "RUS"]
[SourceTitle "EXT 2011"]
[Source "ChessBase"]
[SourceDate "2010.11.26"]
[SourceVersion "1"]
[SourceVersionDate "2010.11.26"]
[SourceQuality "1"]

1. c4 e5 2. g3 Nc6 3. Nc3 g6 4. Bg2 Bg7 5. d3 Nge7 6. e3 0-0 7. Nge2 d6 8. 0-0 Be6 9. Nd5 Qd7 10. Rb1 Nd8 11. b4 a6 12. a4 Nc8 13. b5 axb5 14. axb5 c6 15. bxc6 bxc6 16. Nb6 Nxb6 17. Rxb6 Bh3 18. Qb3 Bxg2 19. Kxg2 Ne6 20. Qc2 Qc7 21. Rb1 Ra7 22. Bb2 Rb8 23. Rfc1 Rab7 24. Ba3 Bf8 25. Nc3 Qa5 26. Ra1 Qd8 27. Rcb1 Qc8 28. Rxb7 Rxb7 29. Ne4 Qd8 30. Qa4 Rc7 31. Rc1 f5 32. Nc3 h5 33. h4 Qc8 34. Rb1 f4 35. Ne4 d5 36. cxd5 cxd5 37. Nf6+ Kh8 38. Bxf8 f3+ 39. Kh2 Rc2 40. Rf1 Nxf8 41. Nxd5 Rc1 42. Rd1 Rc2 43. Rf1 Rc1 44. Ne7 Qc2 45. Qxc2 Rxc2 46. g4 hxg4 47. Kg3 Rd2 48. Nc6 Nd7 49. Kxg4 Rxd3 50. Kxf3 Kg7 51. Rg1 Kf6 52. Nb4 Rd2 53. Rg5 e4+ 54. Kxe4 Rxf2 55. Nd5+ Kf7 56. Nf4 Nf8 57. Ra5 Rh2 58. h5 gxh5 59. Nxh5 Rh4+ 60. Nf4 Ng6 61. Ra7+ Ke8 62. Kf5 Nxf4 63. exf4 Rh6 64. Kg5 Rb6 65. Rc7 Kf8 66. f5 Ra6 67. Rb7 Rc6 68. Rh7 Kg8 69. Re7 Kf8 1/2-1/2

[Event "Novosibirsk November op"]
[Site "Novosibirsk"]
[Date "2009.11.20"]
[Round "4"]
[White "Yakushev, Nikolai"]
[Black "Shakirov, Alexander"]
[Result "0-1"]
[WhiteElo "2201"]
[BlackElo "2046"]
[PlyCount "64"]
[EventDate "2009.11.16"]
[EventType "swiss"]
[EventRounds "9"]
[EventCountry "RUS"]
[SourceTitle "EXT 2011"]
[Source "ChessBase"]
[SourceDate "2010.11.26"]
[SourceVersion "1"]
[SourceVersionDate "2010.11.26"]
[SourceQuality "1"]

1. d4 Nf6 2. c4 c5 3. Nf3 cxd4 4. Nxd4 e5 5. Nb5 d5 6. cxd5 Bc5 7. e3 0-0 8. N5c3 e4 9. Be2 Qe7 10. Nd2 Rd8 11. Qc2 Bf5 12. Nb3 Bb6 13. 0-0 Nxd5 14. Nd4 Bg6 15. Nxd5 Rxd5 16. Bc4 Rd8 17. Ne2 Bc7 18. Qb3 Nc6 19. Nf4 Na5 20. Qc3 Rac8 21. Be2 Bxf4 22. Qxa5 Bb8 23. Rb1 Rc5 24. Qa3 Qe5 25. g3 Bh5 26. Bxh5 Qxh5 27. b4 Rc6 28. Qa5 Rd5 29. Qa4 b5 30. Qa5 Rh6 31. h4 Qg4 32. Bb2 Bxg3 0-1

[Event "Novosibirsk November op"]
[Site "Novosibirsk"]
[Date "2009.11.16"]
[Round "1"]
[White "Shakirov, Alexander"]
[Black "Korobkov, Vadim"]
[Result "1-0"]
[WhiteElo "2046"]
[BlackElo "1829"]
[PlyCount "67"]
[EventDate "2009.11.16"]
[EventType "swiss"]
[EventRounds "9"]
[EventCountry "RUS"]
[SourceTitle "EXT 2011"]
[Source "ChessBase"]
[SourceDate "2010.11.26"]
[SourceVersion "1"]
[SourceVersionDate "2010.11.26"]
[SourceQuality "1"]

1. c4 c5 2. g3 Nf6 3. Bg2 g6 4. Nc3 Bg7 5. Nf3 Nc6 6. 0-0 d5 7. cxd5 Nxd5 8. Nxd5 Qxd5 9. d3 0-0 10. Be3 Rb8 11. Qd2 Qf5 12. Rac1 Nd4 13. Bxd4 cxd4 14. Rc7 e5 15. Qc2 a6 16. Nd2 b5 17. Rc1 Bd7 18. Ne4 Rbc8 19. Qd2 Rxc7 20. Rxc7 Be6 21. Qa5 Qg4 22. Bf3 Qh3 23. Qxa6 Qh6 24. a3 Re8 25. Qxb5 Rd8 26. Qc6 g5 27. b4 g4 28. Bg2 Qg6 29. Nc5 Qf6 30. b5 h5 31. b6 h4 32. Nxe6 Qxe6 33. Qxe6 fxe6 34. b7 1-0

[Event "Novosibirsk op 03"]
[Site "Novosibirsk"]
[Date "2009.03.30"]
[Round "8"]
[White "Shakirov, Alexander"]
[Black "Krasnov, Yury"]
[Result "1/2-1/2"]
[WhiteElo "2056"]
[BlackElo "2099"]
[PlyCount "85"]
[EventDate "2009.03.17"]
[EventType "swiss"]
[EventRounds "9"]
[EventCountry "RUS"]
[SourceTitle "EXT 2012"]
[Source "ChessBase"]
[SourceDate "2011.11.24"]
[SourceVersion "1"]
[SourceVersionDate "2011.11.24"]
[SourceQuality "1"]

1. Nf3 Nf6 2. c4 c5 3. g3 g6 4. Bg2 Bg7 5. Nc3 0-0 6. 0-0 d5 7. cxd5 Nxd5 8. Nxd5 Qxd5 9. d3 Nc6 10. Be3 Qh5 11. Rb1 Be6 12. b3 Bd5 13. a3 Nd4 14. Nxd4 Bxg2 15. Kxg2 cxd4 16. Bd2 Qd5+ 17. Kg1 Rac8 18. Rb2 Rc6 19. Qb1 Rfc8 20. Rc1 Rxc1+ 21. Bxc1 Qc5 22. Bd2 Qxa3 23. Rc2 Rc6 24. b4 Qa4 25. Ra2 Qb5 26. Rxa7 h5 27. h4 Kh7 28. Qd1 Bh6 29. Ra5 Qb6 30. Bxh6 Kxh6 31. Qd2+ Kg7 32. Rd5 Rc3 33. Qf4 Qxb4 34. Qe5+ f6 35. Qe6 Rc6 36. Qd7 Qe1+ 37. Kg2 Qxe2 38. Rxd4 Rc1 39. Re4 Qf1+ 40. Kf3 Qd1+ 41. Ke3 Qe1+ 42. Kf3 Qd1+ 43. Ke3 1/2-1/2

[Event "Novosibirsk op 03"]
[Site "Novosibirsk"]
[Date "2009.03.18"]
[Round "2"]
[White "Chuguev, Anton"]
[Black "Shakirov, Alexander"]
[Result "1-0"]
[WhiteElo "2214"]
[BlackElo "2056"]
[PlyCount "53"]
[EventDate "2009.03.17"]
[EventType "swiss"]
[EventRounds "9"]
[EventCountry "RUS"]
[SourceTitle "EXT 2012"]
[Source "ChessBase"]
[SourceDate "2011.11.24"]
[SourceVersion "1"]
[SourceVersionDate "2011.11.24"]
[SourceQuality "1"]

1. e4 c5 2. Nf3 g6 3. Nc3 Bg7 4. h3 Nc6 5. Bb5 Nd4 6. Nxd4 cxd4 7. Ne2 e6 8. c4 dxc3 9. dxc3 a6 10. Ba4 b5 11. Bc2 Bb7 12. Qd6 Qe7 13. Qb6 d5 14. a4 b4 15. a5 f5 16. Ba4+ Kf7 17. exf5 gxf5 18. Be3 Rc8 19. Nd4 bxc3 20. bxc3 Rxc3 21. 0-0 Bc8 22. Rac1 Rxc1 23. Rxc1 Nf6 24. Rc7 Nd7 25. Bxd7 Bxd7 26. Nc6 Qe8 27. Qa7 1-0

[Event "Novosibirsk November op"]
[Site "Novosibirsk"]
[Date "2008.11.20"]
[Round "1"]
[White "Shakirov, Alexander"]
[Black "Ivanov, Albert"]
[Result "1-0"]
[WhiteElo "2023"]
[BlackElo "1779"]
[PlyCount "105"]
[EventDate "2008.11.20"]
[EventType "swiss"]
[EventRounds "9"]
[EventCountry "RUS"]
[SourceTitle "EXT 2022"]
[Source "ChessBase"]
[SourceDate "2021.10.06"]
[SourceVersion "1"]
[SourceVersionDate "2021.10.06"]
[SourceQuality "1"]

1. Nf3 d5 2. g3 Nf6 3. Bg2 g6 4. c4 c6 5. Qc2 Bg7 6. 0-0 Bg4 7. h3 Bxf3 8. Bxf3 0-0 9. d4 Nbd7 10. Rd1 e5 11. dxe5 Nxe5 12. cxd5 Nxf3+ 13. exf3 Nxd5 14. Nc3 Bxc3 15. bxc3 Qf6 16. Ba3 Rfe8 17. Rd3 Nb6 18. Rad1 Rad8 19. c4 Rxd3 20. Qxd3 Qe6 21. Rc1 Qe2 22. Qd4 Qe5 23. Qd2 Qe2 24. Qd4 Qe5 25. Bb2 Qxd4 26. Bxd4 Re2 27. a3 Re7 28. Bxb6 axb6 29. Rb1 Rd7 30. Rxb6 Rd3 31. Rxb7 Rxa3 32. Rb6 Rxf3 33. Rxc6 Rc3 34. Kf1 Kf8 35. Rc7 Rc2 36. c5 Ke8 37. Kg2 Rc3 38. g4 g5 39. f3 Rc4 40. Kf2 Rf4 41. Ke3 Kd8 42. Ra7 Rf6 43. Ke4 Rf4+ 44. Kd5 Rxf3 45. Kc6 Rf6+ 46. Kb7 Re6 47. Ra8+ Kd7 48. Ra3 Re4 49. Rd3+ Ke7 50. c6 Rb4+ 51. Kc8 Rb6 52. c7 Re6 53. Kb8 1-0

[Event "Siberia Int A"]
[Site "Novosibirsk"]
[Date "2008.07.26"]
[Round "7"]
[White "Giljazitdinov, Eduard"]
[Black "Shakirov, Alexander"]
[Result "1-0"]
[WhiteElo "2143"]
[BlackElo "1988"]
[PlyCount "75"]
[EventDate "2008.07.20"]
[EventType "tourn"]
[EventRounds "9"]
[EventCountry "RUS"]
[SourceTitle "EXT 2022"]
[Source "ChessBase"]
[SourceDate "2021.10.06"]
[SourceVersion "1"]
[SourceVersionDate "2021.10.06"]
[SourceQuality "1"]

1. e4 c5 2. c3 Nf6 3. e5 Nd5 4. d4 cxd4 5. cxd4 d6 6. Nf3 Nc6 7. Bc4 Nb6 8. Bb5 dxe5 9. Nxe5 Bd7 10. Nxd7 Qxd7 11. Nc3 e6 12. 0-0 Rd8 13. Bg5 f6 14. Be3 Bd6 15. d5 exd5 16. Bxb6 axb6 17. Re1+ Kf8 18. g3 Bc5 19. Qf3 Nd4 20. Qd3 Nxb5 21. Nxb5 g6 22. Nd4 Bxd4 23. Qxd4 Qd6 24. Re3 Rc8 25. Rae1 Kf7 26. Re7+ Qxe7 27. Qxd5+ Kf8 28. Rxe7 Kxe7 29. Qxb7+ Kd8 30. Qxb6+ Ke7 31. a4 Rb8 32. Qc5+ Kd7 33. b4 Rhc8 34. Qd5+ Kc7 35. a5 Ra8 36. b5 Rcb8 37. Qc6+ Kd8 38. b6 1-0

[Event "Berdsk Maestro op 14th"]
[Site "Berdsk"]
[Date "2008.07.10"]
[Round "3"]
[White "Shakirov, Alexander"]
[Black "Tsepennikova, Tatyana"]
[Result "1/2-1/2"]
[WhiteElo "1988"]
[BlackElo "2124"]
[PlyCount "117"]
[EventDate "2008.07.08"]
[EventType "swiss"]
[EventRounds "9"]
[EventCountry "RUS"]
[SourceTitle "CBM 125 Extra"]
[Source "ChessBase"]
[SourceDate "2008.09.01"]
[SourceVersion "1"]
[SourceVersionDate "2008.09.01"]
[SourceQuality "1"]

1. c4 c5 2. g3 g6 3. Bg2 Bg7 4. Nc3 Nc6 5. a3 a5 6. d3 d6 7. Nf3 Nf6 8. 0-0 0-0 9. Rb1 Bd7 10. Bd2 Qc8 11. Ne1 Bh3 12. Nc2 Bxg2 13. Kxg2 h5 14. h4 Nd7 15. b4 axb4 16. axb4 b6 17. Nb5 Na7 18. bxc5 Nxb5 19. Rxb5 bxc5 20. Bg5 Re8 21. Qb1 Ra7 22. Qb3 Nf8 23. Rb1 Ne6 24. Bd2 Qa8+ 25. Kg1 Ra2 26. Bc3 g5 27. Bxg7 Kxg7 28. Rb2 Rxb2 29. Qxb2+ f6 30. Rb7 gxh4 31. gxh4 Kf7 32. f3 Rg8+ 33. Kf2 Nf4 34. Ne3 Qc8 35. Ke1 Rg1+ 36. Kd2 Rh1 37. Nd5 Nxd5 38. cxd5 Rxh4 39. Rb8 Qf5 40. Qb3 Qf4+ 41. Kc2 Qa4 42. Qxa4 Rxa4 43. Rh8 h4 44. Kd2 Kg7 45. Rh5 Kg6 46. Rh8 Kf5 47. Rh7 Kg6 48. Rh8 Kf5 49. Rh5+ Kg6 50. Rh8 Rd4 51. Ke3 Kg5 52. Rg8+ Kf5 53. Rh8 Ke5 54. Rh7 e6 55. Rh5+ f5 56. dxe6 Kxe6 57. f4 Kf6 58. Rxh4 Kg6 59. Rh8 1/2-1/2

[Event "Berdsk Maestro op 14th"]
[Site "Berdsk"]
[Date "2008.07.09"]
[Round "2"]
[White "Galaktionov, Pavel"]
[Black "Shakirov, Alexander"]
[Result "0-1"]
[WhiteElo "2192"]
[BlackElo "1988"]
[PlyCount "108"]
[EventDate "2008.07.08"]
[EventType "swiss"]
[EventRounds "9"]
[EventCountry "RUS"]
[SourceTitle "CBM 125 Extra"]
[Source "ChessBase"]
[SourceDate "2008.09.01"]
[SourceVersion "1"]
[SourceVersionDate "2008.09.01"]
[SourceQuality "1"]

1. e4 c5 2. Nf3 g6 3. d4 Bg7 4. d5 d6 5. Nc3 Nf6 6. Bd3 0-0 7. 0-0 Bg4 8. h3 Bxf3 9. Qxf3 Nbd7 10. Qe2 a6 11. a4 Ne8 12. Kh1 Nc7 13. a5 Ne5 14. f4 Nxd3 15. Qxd3 Rb8 16. Na4 Na8 17. Bd2 Qc8 18. Bc3 Bxc3 19. Qxc3 b5 20. axb6 Nxb6 21. b3 Qd7 22. Nb2 Qb5 23. Rfd1 Rfc8 24. Qe1 Ra8 25. Ra5 Qb4 26. Na4 Rcb8 27. Nxb6 Rxb6 28. Ra4 Qxe1+ 29. Rxe1 Rb4 30. Rea1 f6 31. Kh2 Rd4 32. Kg3 f5 33. Rxd4 cxd4 34. Rd1 Rc8 35. exf5 gxf5 36. Rd2 Rc5 37. Rxd4 Rxc2 38. Rd3 Kf7 39. Kf3 h5 40. g3 Rh2 41. h4 Ra2 42. Ke3 Rc2 43. Kd4 e6 44. b4 Re2 45. dxe6+ Kxe6 46. Kc4 Re4+ 47. Kb3 d5 48. Ka4 d4 49. Rd1 Kd5 50. Ka5 Re6 51. b5 axb5 52. Kxb5 Re3 53. Rg1 Ke4 54. Kc5 d3 0-1

[Event "Berdsk Maestro op 14th"]
[Site "Berdsk"]
[Date "2008.07.08"]
[Round "1"]
[White "Shakirov, Alexander"]
[Black "Ruzanov, Alexander"]
[Result "1/2-1/2"]
[WhiteElo "1988"]
[BlackElo "2020"]
[PlyCount "70"]
[EventDate "2008.07.08"]
[EventType "swiss"]
[EventRounds "9"]
[EventCountry "RUS"]
[SourceTitle "CBM 125 Extra"]
[Source "ChessBase"]
[SourceDate "2008.09.01"]
[SourceVersion "1"]
[SourceVersionDate "2008.09.01"]
[SourceQuality "1"]

1. c4 e6 2. g3 d5 3. Bg2 f5 4. Nf3 Nf6 5. 0-0 Bd6 6. d4 c6 7. Qc2 0-0 8. Nbd2 Qe7 9. Ne1 a5 10. Nd3 b6 11. Nf3 c5 12. dxc5 bxc5 13. Bf4 Na6 14. Bxd6 Qxd6 15. Rfd1 Bb7 16. a3 Rfd8 17. Nfe5 Nd7 18. Nxd7 Rxd7 19. Nf4 d4 20. e4 e5 21. Nd5 Nc7 22. Nxc7 Qxc7 23. exf5 Bxg2 24. Kxg2 Qb7+ 25. f3 Rb8 26. Rd2 d3 27. Qc3 Re8 28. Re1 e4 29. fxe4 Rxe4 30. Rxe4 Qxe4+ 31. Kg1 Qxf5 32. Qxa5 Qe4 33. Qc3 Qe3+ 34. Kg2 Rf7 35. Rxd3 Qe2+ 1/2-1/2

[Event "Koltsovo Naukograd op"]
[Site "Koltsovo"]
[Date "2008.07.06"]
[Round "9"]
[White "Egitov, Alexey"]
[Black "Shakirov, Alexander"]
[Result "0-1"]
[WhiteElo "2047"]
[BlackElo "1988"]
[PlyCount "102"]
[EventDate "2008.06.28"]
[EventType "swiss"]
[EventRounds "9"]
[EventCountry "RUS"]
[SourceTitle "EXT 2022"]
[Source "ChessBase"]
[SourceDate "2021.10.06"]
[SourceVersion "1"]
[SourceVersionDate "2021.10.06"]
[SourceQuality "1"]

1. e4 c5 2. Nf3 Nc6 3. d4 cxd4 4. Nxd4 g6 5. c4 Nf6 6. Nc3 Nxd4 7. Qxd4 d6 8. Be3 Bg7 9. Be2 0-0 10. Qd2 a5 11. 0-0 a4 12. Rfd1 Qa5 13. Rac1 Be6 14. Bh6 Bxh6 15. Qxh6 Rfc8 16. Nd5 Bxd5 17. exd5 Qb4 18. Kf1 Qb6 19. g4 Ne4 20. Qf4 Nc5 21. Rd2 Qd8 22. Rc3 Qf8 23. Rh3 Ra6 24. g5 Rb6 25. Qe3 Re8 26. Rd4 Qg7 27. Rh6 Nd7 28. Bg4 Ne5 29. b3 axb3 30. axb3 Ra8 31. Kg2 Rb4 32. Bd1 Ra3 33. Qh3 Nd7 34. Qxd7 Qxd4 35. Qxe7 Ra2 36. Qe1 Rd2 37. Bh5 Rxb3 38. Qe8+ Kg7 39. Rxh7+ Kxh7 40. Qxf7+ Qg7 41. Bxg6+ Kh8 42. Qe8+ Qg8 43. Qe4 Kg7 44. Be8 Rbb2 45. Qe7+ Kh8 46. g6 Rxf2+ 47. Kg3 Rg2+ 48. Kh3 Rxh2+ 49. Kg4 Rbg2+ 50. Kf3 Rxg6 51. Bxg6 Qxg6 0-1

[Event "Koltsovo Naukograd op"]
[Site "Koltsovo"]
[Date "2008.07.05"]
[Round "8"]
[White "Shakirov, Alexander"]
[Black "Parkhomenko, Alexander"]
[Result "1/2-1/2"]
[WhiteElo "1988"]
[BlackElo "1964"]
[PlyCount "92"]
[EventDate "2008.06.28"]
[EventType "swiss"]
[EventRounds "9"]
[EventCountry "RUS"]
[SourceTitle "EXT 2022"]
[Source "ChessBase"]
[SourceDate "2021.10.06"]
[SourceVersion "1"]
[SourceVersionDate "2021.10.06"]
[SourceQuality "1"]

1. c4 c6 2. Nf3 d5 3. Qc2 Nf6 4. g3 Nbd7 5. d4 e6 6. Bg2 Bd6 7. 0-0 0-0 8. Nbd2 h6 9. e4 Nxe4 10. Nxe4 dxe4 11. Qxe4 Nf6 12. Qc2 c5 13. Rd1 cxd4 14. Nxd4 Qe7 15. b3 e5 16. Nf5 Bxf5 17. Qxf5 Rad8 18. Bb2 b6 19. Re1 g6 20. Qc2 Kh7 21. Re2 Qc7 22. Rae1 Rfe8 23. Qc3 Ng8 24. Qf3 f6 25. h4 h5 26. g4 hxg4 27. Qxg4 Nh6 28. Qf3 Bb4 29. Rc1 Kg7 30. Bh3 Qd6 31. Qg3 Qd3 32. Qxd3 Rxd3 33. Kg2 Red8 34. a3 Rd2 35. Rxd2 Rxd2 36. axb4 Rxb2 37. c5 bxc5 38. bxc5 Ng8 39. c6 f5 40. c7 Ne7 41. c8Q Nxc8 42. Rxc8 Rxb3 43. Rc7+ Kh6 44. Rxa7 e4 45. Re7 Rf3 46. Re8 Rf4 1/2-1/2